000 00455nam a22001697a 4500
003 OSt
005 20140310182322.0
008 130312t xxu||||| |||| 00| 0 eng d
020 _a9832584051
050 _aPZ 7
_b.W721 2006
082 _aCL 398.2
_bM272 2006
245 _aThe magic porridge pot
_cedited by Bob Williams
260 _aMalaysia
_bKohwai & Young
_c2006
300 _a16 p.
_bcol. ill.
_c26 cm.
942 _2lcc
_cBK-GS
999 _c11828
_d11828